| 000 | 00570ntaaa2200205 4500 | ||
|---|---|---|---|
| 003 | 01 | ||
| 005 | 20251027202245.0 | ||
| 008 | 0714s1973 ag 01 | ||
| 040 |
_aAR-BaBN _bspa _cAR-BaBN _eaacr _dRIC |
||
| 082 | _a268.4300 C16 | ||
| 100 |
_aCanaday, Helen _920954 |
||
| 245 | _aTeaching guide for "Understanding preschoolers" | ||
| 250 | _a1 ed. | ||
| 260 |
_aNashville : _bConvention Press, _c1970 |
||
| 300 | _a31 p | ||
| 500 | _aGuía para enseñar el libro "Understanding preschoolers" | ||
| 650 | _aniños | ||
| 650 |
_aniños-pre-escolares _97127 |
||
| 942 | _cBK | ||
| 999 |
_c17347 _d17347 |
||